La educación infantil en los países del Mercosur: un análisis comparativo de la legislación.

Furkejuvvon:
Bibliográfalaš dieđut
Searvvušdahkki: Brasil. Ministerio de Educación. Secretaría de Educación Básica
Materiálatiipa: Girji
Giella:espánnjágiella
Fáttát:
Liŋkkat:Ver documento en línea
Fáddágilkorat: Lasit fáddágilkoriid
Eai fáddágilkorat, Lasit vuosttaš fáddágilkora!

MARC

LEADER 00000nam^a2200000^u^4500
001 000530778
005 20260411000000.0
008 140828s10001000^^^^cr^^r^^^^^000^0^spa^d
009 20260411195005.344
022 |a 9788579940842 
035 |a FCE 000075025 
037 |a Acervo ITESO - Biblioteca 
041 |a spa 
095 |a 801 
110 |a Brasil. Ministerio de Educación. Secretaría de Educación Básica 
245 1 0 |a La educación infantil en los países del Mercosur:  |b un análisis comparativo de la legislación. 
264 |a Brasilia:  |b MEC: SEB,  |c 2013. 
300 |a 132 p. 
336 |a texto  |b txt  |2 rdacontenido 
337 |a sin mediación  |b n  |2 rdamedio 
338 |a volumen  |b nc  |2 rdasoporte 
649 |a XX 
650 |a Análisis comparativo 
650 |a Educación infantil 
650 |a Legislación educativa 
650 |a Venezuela 
650 |a Argentina 
650 |a Brasil 
650 |a Uruguay 
650 |a Paraguay 
650 |a Sudamérica 
856 4 0 |u https://unesdoc.unesco.org/images/0022/002270/227043s.pdf  |y Ver documento en línea 
910 |a Fondo Centro de Estudios Educativos 
920 |a Impresos - Libros 
930 |a Fondos Especiales 
905 |a 133 
902 |a https://opac.biblio.iteso.mx/vufind/Record/000530778